| 000 | 00573nam a2200181 a 4500 | ||
|---|---|---|---|
| 001 | 000039886 | ||
| 005 | 20201002033805.0 | ||
| 008 | 130726s2012 pr 000 0 spa d | ||
| 020 | _a9789945455960 | ||
| 040 |
_aDO-SdBNP _bspa _cBNPHU |
||
| 082 | _axxx | ||
| 100 | 1 |
_aMercado RodrÃguez, Salvador _966098 |
|
| 245 | 1 | 0 |
_aNovelas bolero : _bFicciones musicalizadas posnacionales / _cSalvador Mercado RodrÃguez. |
| 260 |
_aSan Juan, Puerto Rico : _bIsla Negra, _c2012. |
||
| 300 |
_a252 p. ; _c22 cm. |
||
| 490 | 1 | _aVisiones y cegueras | |
| 830 | 0 |
_aVisiones y cegueras _91120 |
|
| 999 |
_c39376 _d39376 |
||